000 00746nam a2200217Ia 4500
003 GCL
008 140319s9999 xx 000 0 ara d
040 _aGCL /
_cGCL
082 0 4 _a372.2
_bم ا
100 1 _aمحمد عبدالقادر احمد عطا
245 1 0 _aاستراتيجية التربية العربية لنشر التعليم الاساسى فى الدول العربية /
_cمحمد عبدالقادر احمد عطا
260 _a[S.N] :
_bمكتبة النهضة المصرية ،
_c1983
300 _a261 ص
490 _a
650 0 4 _aالتعليم
650 0 4 _aالتربية
650 0 4 _aالوطن العربى
650 0 4 _aالتعليم الاساسى
650 0 4 _aالاجتماع
942 _2ddc
_cBK
999 _c29517
_d29517